00382cam a2200145ua 45000010005000000080039000050400009000440820008000531000034000612450055000952600041001503000012001916530022002036530011002255970131030n xxk |||gr||||Z||||||eng cMAIN a940 aSouthgate,George W.,eAuthor. aEurope : b1870-1945 / cby George W. Southgate .  aLondon:bJ.M.Dent & Sons Ltd,c1961. ax,347p. aHistory of Europe aEurope